000 00932nam a2200253Ia 4500
003 OSt
005 20220923211138.0
006 a|||||r|||| 00| 0
007 ta
008 220922b |||||||| |||| 00| 0 hin d
020 _a8185999805 (hbk)
_c450
024 _a239,242
037 _b407, 15/03/2009, Swaraj Prakashan
_cTextual
040 _aARTS
_cARTS
_bhin
041 _2hin
_ahin
082 _aX:3M24, 152P5
100 _aठाकुर, खगेन्द्र
_9158740
245 0 _aआज का वैचारिक संघर्ष और मार्क्सवाद
246 _aĀj kā vaichārik sangharṣha aur mārksavāda
260 _aदिल्ली
_b स्वराज प्रकाशन
_c2005
300 _a247पृ.
_ccm.
942 _hX:3M24, 152P5
_cTEXL
_2CC
999 _c295936
_d295936